Hodnocení rizik pro podzemní vody

Bibliographic Details
Main Authors: Šamánková, Pavlína (Author), Babinec, František (Author)
Format: Article
Language:Slovak
Czech
PhysicalDescription:Grafy, sch.
ISSN:1335-7727
Subjects:

MARC

LEADER 00000nab a2200000 a 4500
001 vtls008156967
003 SK-MaSNL
005 20260304135029.0
008 250505c2004 xo qr|p|||||||000 b|slo
015 |a SNBRB2005/05  |2 snkbucl 
035 |a (uuid)b0d4b190-2656-4270-82a8-464719b74e88 
035 |a urn:nbn:sk:snk-abf4id 
035 |a (urnnbn)urn:nbn:sk:snk:ar-a09pm1 
038 |a SNKBUCL 
040 |a SNKBUCL  |b slo  |c SNKBUCL  |e AACR2 
041 0 |a cze  |b eng  |b cze 
044 |a xo  |c SK 
080 |a 504.43.054  |2 1997 
080 |a 556.388  |2 1997 
100 1 |a Šamánková, Pavlína  |4 aut  |9 1453723 
245 1 0 |a Hodnocení rizik pro podzemní vody  |c Pavlína Šamánková, František Babinec 
300 |b Grafy, sch. 
504 |a Bibliogr. odkazy 
546 |a Res. angl., čes. 
650 0 7 |a podzemné vody  |2 snkbucl  |9 3610 
650 0 7 |a znečistenie podzemných vôd  |2 snkbucl  |9 74432 
650 0 7 |a environmentálne riziká  |2 snkbucl  |9 4154 
700 1 |a Babinec, František  |4 aut  |9 781350 
773 0 |t Ropa, uhlie, plyn a petrochémia  |g Roč. 46, č. 3-4 (2004), s. 13-19  |x 1335-7727 
850 |a Slovenská národná knižnica 
852 |a Slovenská národná knižnica 
958 |a article27 
958 |a OND 
958 |a EUIPO 
999 |c 2909120  |d 2911050